Epicuro.

-д хадгалсан:
Номзүйн дэлгэрэнгүй
Үндсэн зохиолч: García Gual, Carlos (autor)
Формат: Ном
Хэвлэсэн: Madrid, España: Alianza, 1985.
Цуврал:Libro de Bolsillo, Humanidades, 806.
Нөхцлүүд:
Шошгууд: Шошго нэмэх
Шошго байхгүй, Энэхүү баримтыг шошголох эхний хүн болох!

MARC

LEADER 00000nam a22000007a 4500
003 CL-VaPUC
005 20220822114511.0
008 220620b1985 ||||| |||| 00| 0 eng d
999 |c 436125  |d 436123 
020 |a 84-206-1806-3 
040 |c Pontificia Universidad Católica de Valparaíso 
082 7 |a 187 GAR 1985  |2 22 
100 |a García Gual, Carlos  |9 595619  |e autor 
245 |a Epicuro. 
260 |a Madrid, España:   |b Alianza,   |c 1985. 
300 |a 272 páginas.  
490 |a Libro de Bolsillo,   |a Humanidades,   |v 806. 
500 |a c.1. Donación Familia Prof. Alejandro Guzmán Brito. 
583 |c 20220607  |k Cristina María Rojas Aguilar 
600 |a Epicuro,  |d  341-271 a.C.   |x Filosofía  |9 871012 
650 |a Filosofía epicúrea  |9 871013 
942 |2 ddc  |c BK  |n 0 
952 |0 0  |1 0  |2 ddc  |4 0  |6 187_000000000000000_GAR_1985  |7 0  |8 C_AGB  |9 583857  |a BIBDER  |b BIBDER  |d 2022-06-20  |e Donación   |i 5651978  |o 187 GAR 1985  |p 5651978  |r 2023-01-25  |t 1  |w 2022-06-20  |y BK_US  |k AGB